| 000 | 00961nam a2200265 a 4500 | ||
|---|---|---|---|
| 001 | 60962 | ||
| 003 | BD-RjUL | ||
| 005 | 20211209080915.0 | ||
| 008 | 170104s2007 waua | 001 0 eng d | ||
| 020 | _a9780821368909 | ||
| 035 | _a(BD-RjUL)61086 | ||
| 040 |
_aCaPaEBR _cCaPaEBR _beng _dBD-RjUL |
||
| 041 | _aeng | ||
| 082 | 0 | 4 |
_a362.5561091724 _223 _bHOT 2007 |
| 100 | 1 |
_aHolland, Jeremy _9181788 |
|
| 245 | 1 | 0 |
_aTools for institutional, political, and social analysis of policy reform : _ba sourcebook for development practitioners / _cJeremy Holland |
| 260 |
_aWashington : _bThe World Bank, _cc2007. |
||
| 300 |
_axviii, 267 p. : _bill. ; _c25 cm. |
||
| 504 | _aIncludes bibliography and index. | ||
| 650 | 0 |
_aPoverty _xGovernment policy _zDeveloping countries _xEvaluation. _9181789 |
|
| 650 | 0 |
_aEconomic assistance _xEvaluation. _9181790 |
|
| 650 | 0 |
_aEconomic policy _xEvaluation. _9181791 |
|
| 655 | 7 |
_aElectronic books. _2local _9171033 |
|
| 942 |
_2ddc _cBK |
||
| 999 |
_c60962 _d60962 |
||